BIBLIOTHÈQUE DE LA MAISON DU MEXIQUE

Logo 1 Logo 2

Las enseñanzas de don Juan (notice nᵒ 8607)

détails MARC
000 -Sello discográfico
campo de control de longitud fija 01494nam a2200397 4500
005 - Identificación de versión
campo de control 20251017062839.0
010 ## - Número Estándar Internacional de Libros (ISBN)
Número (ISBN) 968-16-6235-0 (segunda edición)
010 ## - Número Estándar Internacional de Libros (ISBN)
Número (ISBN) 978-968-16-6235-6
035 ## - Otros números de control del sistema
Número de control del sistema 29467
099 ## - fechas locales
Tipo de ítem Koha LIBRO
100 ## - Datos de procesamiento general
Datos de procesamiento general 20021115d20142001m y1spay5003 ba
101 1# - Idioma del recurso
Idioma del texto, banda sonora, etc. Español; Castellano
Idioma de la obra original Inglés
105 ## - Campo de datos codificados: Material textual, monográfico
Datos codificados de monografía y 001ay
200 1# - Título y mención de responsabilidad
Título propio Las enseñanzas de don Juan
Designación general del material texto impreso
Otra información del título una forma yaqui de conocimiento
Primer mención de responsabilidad Carlos Castaneda
Declaración de responsabilidad subsiguiente prólogos Octavio Paz, Walter Goldschmidt
-- traducción Juan Tovar
205 ## - Declaración de edición
Declaración de edición 1a y 13a reimpr de la 2a ed
210 ## - Publicación, distribución, etc.
Lugar de publicación, distribución, etc. México
Nombre del editor, distribuidor, etc. Fondo de Cultura Económica
Fecha de publicación, distribución, etc. 2001
215 ## - Descripción física
Designación de material específico y extensión del ítem 319 p
Dimensiones 17 cm
345 ## - Nota de información de adquisición
Fuente de adquisición/dirección de la suscripción [OBSOLETO] Donación
410 #1 - Series
Título Colección Popular
Número de volumen 126
454 #1 - Traducción de
Título The Teachings of Don Juan : a Yaki Way of Knowledge
600 ## - Nombre personal usado como materia
Elemento de entrada Matus
Parte del nombre distinta del elemento de entrada Juan
Fechas 1891-
Adiciones al nombre que no sean fechas Don
Número Koha 701
606 ## - Término temático usado como materia
Elemento de entrada Drogas alucinógenas y experiencia religiosa
Número Koha 702
606 ## - Término temático usado como materia
Elemento de entrada Yaquis (Indios)
Subdivisión temática Religión y mitología
Número Koha 703
700 ## - Nombre personal - Responsabilidad primaria
Elemento de entrada Castaneda
Parte del nombre distinta del elemento de entrada Carlos
Fechas 1931-1998
Número Koha 704
702 ## - Nombre personal - Responsabilidad secundaria
Elemento de entrada Goldschmidt
Parte del nombre distinta del elemento de entrada Walter
Fechas 1913-2010
Número Koha 14593
702 ## - Nombre personal - Responsabilidad secundaria
Elemento de entrada Paz Lozano
Parte del nombre distinta del elemento de entrada Octavio Irineo
Fechas 1914-1998
Número Koha 536
702 ## - Nombre personal - Responsabilidad secundaria
Elemento de entrada Tovar
Parte del nombre distinta del elemento de entrada Juan
Fechas 1941-2019
Número Koha 3965
801 #0 - Fuente de origen
País FR
Agencia cm
Reglas de catalogación (convenciones descriptivas) AFNOR
900 ## -
-- 1/2904
900 ## -
-- 7100214693\151102
942 ## - ELEMENTOS DE ENTRADA SECUNDARIOS (KOHA)
Tipo de ítem Koha Livre
996 ## -
-- MEX
-- 751145101
-- MMAG
-- 001139
-- 082.97 C882 V.126
-- 20120103LIV
996 ## -
-- MEX
-- 751145101
-- MMAG
-- 005367
-- 972.019 C346EN
-- 20211013LIV
Exemplaires
Estatus retirado Estado de daño Estado de pérdida Fecha de adquisición Biblioteca de origen Biblioteca actual Ubicación en estantería Código de barras Precio de reemplazo Signatura topográfica completa No para préstamo Tipo de ítem Koha Nota pública Nota no pública
      05/08/2025 Casa México Paris Casa México Paris   001139 05/08/2025 082.97 C882 V.126   Livre 20120103LIV 751145101